000 02193nam0a2200385 4500
001 RU\NLR\BIBL_A\022341694
005 20260420015313.0
010 _a978-5-00081-635-6
_9500
021 _aRU
_bКН-П-24-048661
_9КН-П-24-4839
035 _a(NLR Aleph) 022341694
090 _a13666350
_c13666350
100 _a20241003d2024 k y0rusy50 ca
101 0 _arus
102 _aRU
105 _aac z 000zy
181 0 _ai3
_baxxe
182 0 _an
200 1 _aДиагностика, лечение и профилактика среднетяжелых и тяжелых форм псориаза
_eмонография
_fБазаев В. Т., Дзиццоева А. А., Кобаидзе Л. М., Джаваева Д. Г.
_gФедеральное государственное бюджетное образовательное учреждение высшего образования "Северо-Осетинская государственная медицинская академия" Министерства здравоохранения Российской Федерации
203 _aТекст
_bвизуальный
_cнепосредственный
210 _aВладикавказ
_cФГБОУ ВО СОГМА Минздрава России
_d2024
215 _a190 с.
_cил., табл., портр.
_d20
300 _aАвт. указаны на обороте тит. с. в макете
320 _aБиблиогр.: с. 183-190 (60 назв.)
606 1 _aПсориаз
_9906076
_3RU\NLR\AUTH\6610341
686 1 _aР601.174
701 1 _aБазаев
_bВ. Т.
_gВиталий Тадиозович
701 1 _aДзиццоева
_bА. А.
_gАрина Аркадьевна
701 1 _aКобаидзе
_bЛ. М.
_gЛамара Михайловна
701 1 _aДжаваева
_bД. Г.
_gДиана Гавриловна
712 0 2 _4475
_aСеверо-Осетинская государственная медицинская академия
_cВладикавказ
_9520544
_3RU\NLR\AUTH\8810011419
942 _cBOOK
980 _aNB